| 000 | 00441nam a2200145Ia 4500 | ||
|---|---|---|---|
| 008 | 151021s9999 xx 000 0 und d | ||
| 050 | _aHF 5415.13 .M369 | ||
| 245 | _a_Basic Marketing A global managerial Approach E. Jerome McCarthy | ||
| 260 | _aBoston Irwin 1993 | ||
| 300 | _axxii,763p,;ill | ||
| 500 | _aIncludes index | ||
| 650 | _a_Marketing Management | ||
| 700 | _a_William D. Perreault | ||
| 980 | _a^d20110707 02:02:06^oanne | ||
| 999 |
_c7584 _d7584 |
||